Regulatory proteolytic enzymes and their inhibitors

में बचाया:
ग्रंथसूची विवरण
मुख्य लेखकों: Magnusson, Staffan (लेखक), Ottesen, Martin (लेखक), Foltmann, Bent (लेखक), Dano, Keld (लेखक), Neurath, Hans (लेखक)
स्वरूप: पुस्तक
भाषा:अंग्रेज़ी
प्रकाशित: Oxford Pergamon Press 1978
श्रृंखला:Proceedings of the 11th FEBS Meeting, 47. Symposium A6
विषय:
टैग: टैग जोड़ें
कोई टैग नहीं, इस रिकॉर्ड को टैग करने वाले पहले व्यक्ति बनें!

MARC

LEADER 00000nam a2200000 a 4500
001 UCT4053
003 CL-VaPUC
005 20220816090803.0
008 961108e19780000uk 1 eng d
082 0 4 |a 572.7  |b MAG  |2 21 
100 1 |a Magnusson, Staffan  |e author  |9 618051 
700 1 |a Ottesen, Martin  |e author  |9 618052 
700 1 |a Foltmann, Bent  |e author  |9 618053 
700 1 |a Dano, Keld  |e author  |9 618054 
700 |a Neurath, Hans  |e author  |9 618055 
245 1 0 |a Regulatory proteolytic enzymes and their inhibitors 
260 |a Oxford  |b Pergamon Press  |c 1978 
300 |a 236 p 
490 0 |a Proceedings of the 11th FEBS Meeting, 47. Symposium A6 
583 |a last modification  |c 19961108 00:00:00  |k Rodrigo Vera 
650 0 0 |a Bioquímica   |9 259492 
650 0 0 |a Enzimas  |9 262984 
650 0 7 |a ENZIMOLOGIA  |2 CL-VaPUC  |9 263051 
650 0 0 |a Reacciones químicas  |9 259438 
650 0 7 |a ENZIMOLOGIA  |2 CL-VaPUC  |9 263051 
650 0 7 |a PRODUCTOS QUIMICOS ORGANICOS  |2 CL-VaPUC  |9 344420 
942 |c BK 
945 |a cmena  |d 19961108 00:00:00 
546 |a En Inglés 
536 |a FEBS. Federation of European Biochemical Societies 
518 |p FEBS Meeting, 11, Copenhagen, 1977 
999 |c 382765  |d 382763 
952 |0 0  |1 0  |4 0  |6 572_700000000000000_MAG_1978  |7 0  |8 A  |9 504647  |a BIBCUR  |b BIBCUR  |d 2020-01-23  |i 1785206  |o 572.7 MAG 1978  |p 1785206  |r 2025-04-22  |w 2020-01-23  |y BK  |k QUI